Questions of Identity in Assam : (Record no. 10473)

MARC details
000 -LEADER
fixed length control field 00530cam a2200193ua 4500
001 - CONTROL NUMBER
control field 11678
005 - DATE AND TIME OF LATEST TRANSACTION
control field 20260515114801.0
008 - FIXED-LENGTH DATA ELEMENTS--GENERAL INFORMATION
fixed length control field 191017n ii |||gr||||Z||||||eng
020 ## - INTERNATIONAL STANDARD BOOK NUMBER
International Standard Book Number 9788132105114
040 ## - CATALOGING SOURCE
Transcribing agency MAIN
082 ## - DEWEY DECIMAL CLASSIFICATION NUMBER
Classification number 305.800954162
100 ## - MAIN ENTRY--PERSONAL NAME
Personal name Nandana Dutta . ,
Relator term Author.
245 ## - TITLE STATEMENT
Title Questions of Identity in Assam :
Remainder of title location, migration,hybridity /
Statement of responsibility, etc. By Nandana Dutta .
250 ## - EDITION STATEMENT
Edition statement 1st ed.
260 ## - PUBLICATION, DISTRIBUTION, ETC.
Place of publication, distribution, etc. New Delhi:
Name of publisher, distributor, etc. Sage Publication,
Date of publication, distribution, etc. 2012.
300 ## - PHYSICAL DESCRIPTION
Extent 269p.
653 ## - INDEX TERM--UNCONTROLLED
Uncontrolled term Social groups
942 ## - ADDED ENTRY ELEMENTS (KOHA)
Koha item type Books
Holdings
Withdrawn status Lost status Damaged status Not for loan Home library Current library Shelving location Date acquired Total checkouts Full call number Barcode Date last seen Copy number Price effective from Koha item type
        Naharkatiya College Library Naharkatiya College Library General stacks 09/19/2020   305.800954162Sociology | DUT 26662 09/19/2020 1 09/19/2020 Books